Minecraft Biomes by Emoji - Statistics

General Stats
  • This quiz has been taken 126 times
    103 since last reset
  • The average score is 10 of 15
Answer Stats
Hint Biomes % Correct
πŸ‰ 🐼 🐱 🌱 Jungle
95%
🌡 β˜€οΈ πŸ•Œ Desert
93%
🌳 🌳🌱 🍎 Forest
80%
🏜️ 🟫 🟧 πŸŸ₯ 🟨 ⬜ Badlands
78%
πŸ„ πŸ„ πŸ„ πŸ„ Mushroom Island
76%
πŸ•³οΈ πŸŒ‘ πŸŒ• πŸ’€ The End
71%
⛰️ ⛰️ 🐐 Mountain
69%
πŸͺ¨ πŸ’Ž πŸͺ¨ πŸ‘‡ Cave
60%
🐠 🐬 🐑 πŸͺΈ Warm Ocean
59%
πŸ”₯ 🌳 πŸ”₯ πŸ— Crimson Forest
53%
πŸ”₯ πŸ’  🦴 🟫 Soul Sand Valley
51%
πŸ”₯ πŸŸ₯ πŸ”₯ Nether Wastes
48%
❄️ 🧊 πŸ»β€β„οΈ 🌊 Frozen Ocean
47%
🌲 🌲 ❄️ 🌨️ Snowy Taiga
45%
🌱 🫧 πŸͺ¨ πŸ‘‡ Lush Cave
42%
No matching quizzes found
Score Distribution
Percent of People with Each Score
Percentile by Number Answered
Your Score History
You have not taken this quiz since the last reset